000 00321nam a2200133Ia 4500
008 150731s2014 xx 000 0 und d
082 _a611
_bH 14 U
100 _aUSHA V.
245 _aHUMAN EMBRYOLOGY MADE EASY
250 _a1 ST
260 _bAHUJA PUBLISHING HOUSE DELHI
_c2014
300 _a100
942 _2ddc
_cBK
_042
999 _c7955
_d7955